International standardisation of Good corporate governance: (Record no. 6832)
[ view plain ]
| 000 -LEADER | |
|---|---|
| fixed length control field | 00476nam a2200169 4500 |
| 005 - DATE AND TIME OF LATEST TRANSACTION | |
| control field | 20250703150001.0 |
| 008 - FIXED-LENGTH DATA ELEMENTS--GENERAL INFORMATION | |
| fixed length control field | cu123 |
| 020 ## - INTERNATIONAL STANDARD BOOK NUMBER | |
| International Standard Book Number | 9781461373629 |
| 050 ## - LIBRARY OF CONGRESS CALL NUMBER | |
| Classification number | HD2745.B467 BER |
| Item number | 1 |
| 100 ## - MAIN ENTRY--PERSONAL NAME | |
| Personal name | BERGHE,VAN Den Lutgart |
| 245 ## - TITLE STATEMENT | |
| Title | International standardisation of Good corporate governance: |
| Remainder of title | best practices for the board of directors |
| 260 ## - PUBLICATION, DISTRIBUTION, ETC. | |
| Place of publication, distribution, etc. | Germany |
| Name of publisher, distributor, etc. | Kluwer Academics |
| Date of publication, distribution, etc. | 1999 |
| 300 ## - PHYSICAL DESCRIPTION | |
| Extent | 237p |
| 500 ## - GENERAL NOTE | |
| General note | index |
| 700 ## - ADDED ENTRY--PERSONAL NAME | |
| Personal name | RIDDER,DE.Liesbeth |
| 942 ## - ADDED ENTRY ELEMENTS (KOHA) | |
| Source of classification or shelving scheme | Library of Congress Classification |
| Koha item type | Books |
| Suppress in OPAC | No |
| 999 ## - | |
| -- | 6832 |
| -- | 6832 |
| Withdrawn status | Lost status | Source of classification or shelving scheme | Damaged status | Not for loan | Collection | Home library | Current library | Shelving location | Date acquired | Total checkouts | Full call number | Barcode | Date last seen | Copy number | Price effective from | Koha item type |
|---|---|---|---|---|---|---|---|---|---|---|---|---|---|---|---|---|
| Library of Congress Classification | Non-fiction | Business Library (Miotso) | Business Library (Miotso) | General stacks | 03/18/2026 | HD2745 .B467 BER | BSSM00002936 | 03/18/2026 | 1 | 03/18/2026 | Books | |||||
| Library of Congress Classification | Non-fiction | Business Library (Miotso) | Business Library (Miotso) | General stacks | 03/18/2026 | HD2745 .B467 BER | BSSM00002937 | 03/18/2026 | 2 | 03/18/2026 | Books | |||||
| Library of Congress Classification | Non-fiction | Business Library (Miotso) | Business Library (Miotso) | General stacks | 03/18/2026 | HD2745 .B467 BER | BSSM00002938 | 03/18/2026 | 3 | 03/18/2026 | Books | |||||
| Library of Congress Classification | Non-fiction | Graduate Library (Christ Temple) | Graduate Library (Christ Temple) | General stacks | 07/03/2025 | HD2745.B467 BER | GSCT00001702 | 07/03/2025 | 1 | 07/03/2025 | Books | |||||
| Library of Congress Classification | Non-fiction | Graduate Library (Christ Temple) | Graduate Library (Christ Temple) | General stacks | 07/03/2025 | HD2745.B467 BER | GSCT00001703 | 07/03/2025 | 2 | 07/03/2025 | Books |